000 00513nam a2200169 i 4500
001 69962
003 ES-MaACL
005 20231227184715.0
007 t|
008 040714s1929 sp ||||1| spa d
100 1 _aGarcía Martí, Victoriano,
_d1881-1966
_954896
245 1 3 _aLa emoción del momento
_b: ideología política : (ensayos) /
_cVictoriano García Martí.
260 _aMadrid :
_b[s.n.,
_c1929] (
_fYagües)
300 _a306 p. ;
_c19 cm.
852 _aES-MaACL
_jB-2781
999 _c69962
_d69962